000
00301nam a2200097Ia 4500
082
_a
J 641.86539 COOK
245
0
_a
FamilyFun birthday cakes : 50 cute & easy party treats
100
_a
Cook, Deanna F., , 1965- New York, 2009
_9
34193
942
_c
BK
008
210817s9999 xx 000 0 und d
999
_c
319919
_d
319918